| 000 | 00591nam a22001817a 4500 | ||
|---|---|---|---|
| 005 | 20251108175748.0 | ||
| 008 | 250721s2020 xx 000 0 ara d | ||
| 082 | 1 | 4 | _a796.519/امي |
| 100 | 1 | _aامين، محمد | |
| 245 | 1 | 0 | _aسيكولوجية الاحتراق في المجال الرياضي / |
| 264 | 1 |
_aمكة المكرمة : _bدار خالد اللحياني للنشر و التوزيع، _c2020. |
|
| 300 | _a(164)ص. | ||
| 650 | 1 | 7 | _aعلم النفس الرياضي |
| 650 | 1 | 7 | _aالاحتراق |
| 650 | 1 | 7 | _aالاعبون |
| 942 |
_2ddc _cBK |
||
| 999 |
_c141770 _d141770 |
||